[Event "FIDE World Senior Team Championship 2020"]
[Site "Olympik hotel, Sokolovska 138,"]
[Date "2020.03.07"]
[Round "2.21"]
[White "Horak, Vladimir"]
[Black "Malinovsky, Petr"]
[Result "1/2-1/2"]
[WhiteElo "1982"]
[BlackElo "2101"]
[PlyCount "43"]
[EventDate "2020.03.06"]
[WhiteTeam "CZE14"]
[BlackTeam "CZE9"]

1. Nf3 d5 2. d4 e6 3. e3 Nf6 4. Bd3 c5 5. c3 b6 6. Nbd2 Bb7 7. O-O Be7 8. dxc5
bxc5 9. Qe2 O-O 10. e4 dxe4 11. Nxe4 Nbd7 12. Bf4 Bxe4 13. Bxe4 Nxe4 14. Qxe4
Nf6 15. Qe2 Qb6 16. Rfd1 Rfd8 17. c4 a5 18. b3 a4 19. Rxd8+ Bxd8 20. Rb1 h6 21.
h3 Bc7 22. Bxc7 1/2-1/2

[Event "FIDE World Senior Team Championship 2020"]
[Site "Olympik hotel, Sokolovska 138,"]
[Date "2020.03.07"]
[Round "2.21"]
[White "Kastner, Oldrich"]
[Black "Grecny, Karol"]
[Result "1-0"]
[WhiteElo "1965"]
[BlackElo "1839"]
[PlyCount "89"]
[EventDate "2020.03.06"]
[WhiteTeam "CZE9"]
[BlackTeam "CZE14"]

1. d4 Nf6 2. Bf4 d5 3. e3 e6 4. Nd2 Be7 5. Bd3 b6 6. c3 c5 7. Rc1 Nc6 8. h3 c4
9. Bb1 h6 10. e4 g6 11. Ne2 Nh5 12. Bh2 Ng7 13. Nf4 b5 14. Qf3 Bg5 15. O-O Ne7
16. Rfe1 O-O 17. Re2 Bb7 18. Rce1 dxe4 19. Bxe4 Bxe4 20. Nxe4 Nef5 21. Rc2 Be7
22. Qd1 Rc8 23. d5 e5 24. Ne2 f6 25. Rd2 Nd6 26. Nxd6 Bxd6 27. Kh1 Qd7 28. Ng1
Rc5 29. Qc2 Nf5 30. Qe4 Ne7 31. Qh4 Kg7 32. Red1 f5 33. Nf3 f4 34. Re2 Nf5 35.
Qg4 Re8 36. Nh4 Qf7 37. Nxf5+ Qxf5 38. Qxf5 gxf5 39. Bxf4 Kf6 40. Bxh6 Rc7 41.
h4 Rh8 42. Bg5+ Kg6 43. g3 e4 44. Kg2 Rh5 45. f3 1-0

[Event "FIDE World Senior Team Championship 2020"]
[Site "Olympik hotel, Sokolovska 138,"]
[Date "2020.03.07"]
[Round "2.21"]
[White "Maly, Dusan"]
[Black "Paldus, Petr"]
[Result "0-1"]
[WhiteElo "1742"]
[BlackElo "2008"]
[PlyCount "62"]
[EventDate "2020.03.06"]
[WhiteTeam "CZE14"]
[BlackTeam "CZE9"]

1. Nf3 d5 2. d4 e6 3. c4 c6 4. cxd5 exd5 5. Nc3 Nf6 6. g3 Bd6 7. Bg2 O-O 8. O-O
Bf5 9. b3 h6 10. Bb2 Qd7 11. Re1 Na6 12. Ne5 Qe6 13. Nd3 Rfe8 14. Na4 Ne4 15.
Qc1 Bh3 16. Nf4 Bxf4 17. Qxf4 Bxg2 18. Kxg2 Ng5 19. Ba3 Qh3+ 20. Kh1 Re4 21.
Qd2 b5 22. Nc5 Nxc5 23. Bxc5 Rae8 24. f3 Re3 25. Bd6 R3e6 26. Bf4 Qh5 27. Bxg5
hxg5 28. Kg2 g4 29. Rac1 Rxe2+ 30. Rxe2 gxf3+ 31. Kg1 Rxe2 0-1

[Event "FIDE World Senior Team Championship 2020"]
[Site "Olympik hotel, Sokolovska 138,"]
[Date "2020.03.07"]
[Round "2.21"]
[White "Danek, Pavel"]
[Black "Laloucek, Miroslav"]
[Result "1-0"]
[WhiteElo "1882"]
[BlackElo "1733"]
[PlyCount "75"]
[EventDate "2020.03.06"]
[WhiteTeam "CZE9"]
[BlackTeam "CZE14"]

1. d4 f5 2. f4 Nf6 3. Nf3 b6 4. e3 Bb7 5. Be2 e6 6. O-O Be7 7. Bd2 O-O 8. Be1
c5 9. Bh4 Nd5 10. Bxe7 Qxe7 11. Qd2 cxd4 12. exd4 Nf6 13. c3 Na6 14. Ne5 Nc7
15. Bf3 Ne4 16. Qe1 Ne8 17. Nd2 d5 18. Be2 N8d6 19. Rf3 Rac8 20. Rh3 Rc7 21.
Bd3 Nxd2 22. Qxd2 Bc6 23. Qe2 Be8 24. Kh1 g5 25. fxg5 Ne4 26. Bxe4 fxe4 27. Rf1
Rf5 28. Rxf5 exf5 29. Qe3 Qg7 30. Rh6 Re7 31. Qf4 Rxe5 32. dxe5 Bg6 33. e6 Qe7
34. h4 Qxe6 35. h5 e3 36. hxg6 Qe8 37. gxh7+ Kh8 38. Qd4+ 1-0

[Event "FIDE World Senior Team Championship 2020"]
[Site "Olympik hotel, Sokolovska 138,"]
[Date "2020.03.07"]
[Round "2.23"]
[White "Janacek, Jaroslav"]
[Black "Korenek, Frantisek"]
[Result "1-0"]
[WhiteElo "2056"]
[BlackElo "1952"]
[PlyCount "45"]
[EventDate "2020.03.06"]
[WhiteTeam "CZE15"]
[BlackTeam "CZE10"]

1. e4 c5 2. c3 d5 3. d3 dxe4 4. dxe4 Qxd1+ 5. Kxd1 e5 6. Be3 Nc6 7. Na3 Be6 8.
Nf3 h6 9. Nd2 Nf6 10. f3 Be7 11. Bb5 Rc8 12. g4 a6 13. Bxc6+ Rxc6 14. Nac4 Nd7
15. a4 O-O 16. a5 Rd8 17. Kc2 f6 18. h4 Nf8 19. h5 Bd6 20. Nb6 Bc7 21. Ndc4
Bxc4 22. Nxc4 Ne6 23. b3 {Unreadable - 57 moves} 1-0

[Event "FIDE World Senior Team Championship 2020"]
[Site "Olympik hotel, Sokolovska 138,"]
[Date "2020.03.07"]
[Round "2.23"]
[White "Hejda, Antonin"]
[Black "Korinkova, Eva"]
[Result "0-1"]
[WhiteElo "1907"]
[BlackElo "1811"]
[PlyCount "124"]
[EventDate "2020.03.06"]
[WhiteTeam "CZE10"]
[BlackTeam "CZE15"]

1. c4 Nf6 2. Nc3 g6 3. g3 Bg7 4. Bg2 O-O 5. d4 d6 6. Nf3 Nbd7 7. O-O c5 8. d5
a6 9. Bg5 Rb8 10. a4 h6 11. Bf4 Nh5 12. Bd2 f5 13. Qc1 Kh7 14. Qc2 Ndf6 15. Nh4
e5 16. dxe6 Bxe6 17. Nd5 Nxd5 18. cxd5 Bf7 19. e4 f4 20. Ra3 Be8 21. Nf3 fxg3
22. fxg3 Qb6 23. Bc3 Nf6 24. Bh3 Qc7 25. Be6 Bf7 26. Nh4 Be8 27. Raa1 b5 28.
axb5 axb5 29. Rae1 b4 30. Bd2 b3 31. Qc1 Ra8 32. Rf3 Qb6 33. Qb1 c4+ 34. Be3
Qb4 35. Bd4 Nd7 36. Bxg7 Kxg7 37. Bxd7 Bxd7 38. e5 Bf5 39. Nxf5+ Rxf5 40. Rxf5
gxf5 41. exd6 Qc5+ 42. Kg2 Qxd5+ 43. Kh3 Rd8 44. Re7+ Kf8 45. Qe1 Qxd6 46. Re6
Qd4 47. Qb4+ Kg8 48. Re1 Qg4+ 49. Kg2 Qd4 50. Qe7 Qd5+ 51. Kh3 Qd7 52. Qb4 f4+
53. Kh4 Qd4 54. Kh3 f3 55. Rf1 Qd7+ 56. g4 Qd3 57. Rf2 h5 58. gxh5 Qf5+ 59. Kg3
Qg5+ 60. Kxf3 Rd3+ 61. Ke2 Qxh5+ 62. Kf1 Rd1+ 0-1

[Event "FIDE World Senior Team Championship 2020"]
[Site "Olympik hotel, Sokolovska 138,"]
[Date "2020.03.07"]
[Round "2.23"]
[White "Oburka, Vladislav"]
[Black "Musil, Martin"]
[Result "1/2-1/2"]
[WhiteElo "1759"]
[BlackElo "1937"]
[PlyCount "95"]
[EventDate "2020.03.06"]
[WhiteTeam "CZE15"]
[BlackTeam "CZE10"]

1. e4 e6 2. d4 d5 3. Nd2 Nf6 4. e5 Nfd7 5. Bd3 c5 6. c3 Nc6 7. Ne2 Be7 8. O-O
O-O 9. f4 f5 10. Nf3 Rb8 11. Kh1 b5 12. dxc5 Nxc5 13. Nfd4 Nxd4 14. Nxd4 Bd7
15. Bc2 Qc7 16. Be3 Rbc8 17. Rc1 Kh8 18. Qh5 a6 19. g4 g6 20. Qh3 Ne4 21. Bxe4
dxe4 22. gxf5 gxf5 23. Qh6 Rg8 24. Rg1 Qc4 25. Nxf5 Qe2 26. Rg7 Qf3+ 27. Kg1
Qxe3+ 28. Nxe3 Rxg7+ 29. Kf2 Rg6 30. Qh3 Rf8 31. Ke2 Rxf4 32. Nf1 Rh4 33. Qe3
Bg5 34. Qf2 Kg7 35. Rd1 Bc6 36. Qa7+ Kh6 37. Qc5 Bd5 38. Qf8+ Rg7 39. b3 Rh3
40. Qe8 Bf4 41. Qf8 Bxe5 42. Rc1 Rf3 43. Qc5 Rg2+ 44. Ke1 Bf4 45. Rd1 e3 46.
Qf8+ Rg7 47. Qf6+ Rg6 48. Qh4+ 1/2-1/2

[Event "FIDE World Senior Team Championship 2020"]
[Site "Olympik hotel, Sokolovska 138,"]
[Date "2020.03.07"]
[Round "2.23"]
[White "Postupa, Pavel"]
[Black "Kuda, Pavel"]
[Result "1-0"]
[WhiteElo "1936"]
[BlackElo "1421"]
[PlyCount "53"]
[EventDate "2020.03.06"]
[WhiteTeam "CZE10"]
[BlackTeam "CZE15"]

1. e4 e5 2. Nf3 Nc6 3. Bb5 a6 4. Ba4 b5 5. Bb3 Nf6 6. O-O Be7 7. Re1 d6 8. c3
O-O 9. h3 Bb7 10. d4 exd4 11. cxd4 Na5 12. Bc2 Re8 13. Nbd2 d5 14. e5 Nd7 15.
Nf1 c5 16. Ne3 cxd4 17. Qxd4 Bc5 18. Qd3 g6 19. Ng4 Qb6 20. Re2 Re6 21. Ng5 Re7
22. Nh6+ Kg7 23. Nhxf7 Rf8 24. b4 Bxb4 25. e6 Nf6 26. Bb2 Bc5 27. Nxh7 1-0

[Event "FIDE World Senior Team Championship 2020"]
[Site "Olympik hotel, Sokolovska 138,"]
[Date "2020.03.07"]
[Round "2.24"]
[White "Robertson, Ian C"]
[Black "Goldinger, Peter"]
[Result "1/2-1/2"]
[WhiteElo "2107"]
[BlackElo "2052"]
[PlyCount "33"]
[EventDate "2020.03.06"]
[WhiteTeam "SCO2"]
[BlackTeam "GER6"]

1. e4 e6 2. d4 d5 3. exd5 exd5 4. Nf3 c5 5. Bb5+ Nc6 6. O-O Bd6 7. Be3 c4 8. b3
cxb3 9. axb3 Nge7 10. c4 O-O 11. Nc3 Bg4 12. c5 Bc7 13. Be2 a6 14. Ng5 Bxe2 15.
Qxe2 h6 16. Nh3 f5 17. f4 1/2-1/2

[Event "FIDE World Senior Team Championship 2020"]
[Site "Olympik hotel, Sokolovska 138,"]
[Date "2020.03.07"]
[Round "2.24"]
[White "Klaiss, Thomas"]
[Black "Stevenson, James"]
[Result "1/2-1/2"]
[WhiteElo "1991"]
[BlackElo "2020"]
[PlyCount "41"]
[EventDate "2020.03.06"]
[WhiteTeam "GER6"]
[BlackTeam "SCO2"]

1. d4 Nf6 2. Nf3 g6 3. Nbd2 d5 4. e3 Bg7 5. Bd3 O-O 6. Ne5 c5 7. c3 Qc7 8. O-O
Nc6 9. f4 e6 10. Qe2 b6 11. b3 cxd4 12. cxd4 Nb4 13. Ba3 a5 14. Rfc1 Qd8 15.
Bb5 Bb7 16. Ndf3 Qd6 17. Bc6 Ba6 18. Bb5 Bb7 19. Bc6 Ba6 20. Bb5 Bb7 21. Bc6
1/2-1/2

[Event "FIDE World Senior Team Championship 2020"]
[Site "Olympik hotel, Sokolovska 138,"]
[Date "2020.03.07"]
[Round "2.24"]
[White "Aird, Ian"]
[Black "Mueller, Thomas"]
[Result "1-0"]
[WhiteElo "1848"]
[BlackElo "2020"]
[PlyCount "57"]
[EventDate "2020.03.06"]
[WhiteTeam "SCO2"]
[BlackTeam "GER6"]

1. Nf3 Nf6 2. g3 g6 3. Bg2 Bg7 4. O-O O-O 5. d4 d6 6. a4 c6 7. a5 a6 8. Nc3
Nbd7 9. e4 Qc7 10. Re1 e5 11. h3 exd4 12. Nxd4 Nc5 13. Bf4 Ne8 14. Qd2 Ne6 15.
Be3 Nxd4 16. Bxd4 Bxd4 17. Qxd4 Be6 18. Nd1 Rd8 19. Ne3 Ng7 20. Qf6 Rfe8 21. c4
Qe7 22. Qc3 Qd7 23. Kh2 f5 24. exf5 Nxf5 25. Ng4 Rf8 26. Nf6+ Rxf6 27. Qxf6
Bxc4 28. g4 Rf8 29. Qc3 1-0

[Event "FIDE World Senior Team Championship 2020"]
[Site "Olympik hotel, Sokolovska 138,"]
[Date "2020.03.07"]
[Round "2.24"]
[White "Dieterle-Bard, Bernhard"]
[Black "Grant, Glynis"]
[Result "1-0"]
[WhiteElo "1865"]
[BlackElo "1249"]
[PlyCount "47"]
[EventDate "2020.03.06"]
[WhiteTeam "GER6"]
[BlackTeam "SCO2"]

1. e4 c5 2. Nf3 d6 3. d4 cxd4 4. Nxd4 Nf6 5. Nc3 a6 6. Bg5 Nbd7 7. Qd2 e6 8.
O-O-O Qc7 9. f4 Be7 10. Be2 b5 11. Bf3 Bb7 12. Rhe1 b4 13. Na4 a5 14. b3 Rd8
15. Nb5 Qb8 16. Nxd6+ Qxd6 17. Qxd6 Bxd6 18. Rxd6 O-O 19. Red1 Rc8 20. Rxd7
Nxd7 21. Rxd7 Bc6 22. Ra7 Bxa4 23. bxa4 Rc5 24. Be7 1-0

[Event "FIDE World Senior Team Championship 2020"]
[Site "Olympik hotel, Sokolovska 138,"]
[Date "2020.03.07"]
[Round "2.25"]
[White "Schiller, Dirk"]
[Black "Nudcenko, Karel"]
[Result "0-1"]
[WhiteElo "1747"]
[BlackElo "2004"]
[PlyCount "42"]
[EventDate "2020.03.06"]
[WhiteTeam "GER12"]
[BlackTeam "CZE11"]

1. e4 e6 2. Nc3 d5 3. d4 Bb4 4. exd5 exd5 5. Bd3 Nf6 6. Bd2 O-O 7. Nge2 Re8 8.
O-O Bg4 9. f3 Bh5 10. a3 Bf8 11. Nf4 Bg6 12. Nxg6 hxg6 13. Ne2 c5 14. c3 Nc6
15. Bb5 Qb6 16. Bxc6 bxc6 17. Kh1 Qxb2 18. Rb1 Qxa3 19. Ra1 Qb2 20. Rb1 Qa2 21.
Rb3 Rxe2 0-1

[Event "FIDE World Senior Team Championship 2020"]
[Site "Olympik hotel, Sokolovska 138,"]
[Date "2020.03.07"]
[Round "2.25"]
[White "Bazantova, Marie"]
[Black "Nowack, Achim"]
[Result "1-0"]
[WhiteElo "1925"]
[BlackElo "1725"]
[PlyCount "59"]
[EventDate "2020.03.06"]
[WhiteTeam "CZE11"]
[BlackTeam "GER12"]

1. e4 g6 2. Nf3 Bg7 3. d4 e6 4. c4 d6 5. Nc3 Ne7 6. Bd3 Nd7 7. O-O O-O 8. Be3
a6 9. Rc1 b6 10. Qd2 Bb7 11. b4 e5 12. Rfd1 Nc6 13. d5 Nd4 14. Bxd4 exd4 15.
Ne2 Ne5 16. Nexd4 a5 17. a3 axb4 18. Qxb4 Qd7 19. Nxe5 Bxe5 20. Nf3 Bf4 21. Ra1
Ra4 22. Qb3 Bh6 23. Ra2 Ra5 24. Bf1 Qg4 25. Re1 Ba6 26. e5 Rc5 27. Rc2 Rb8 28.
e6 fxe6 29. dxe6 Re8 30. Qa4 1-0

[Event "FIDE World Senior Team Championship 2020"]
[Site "Olympik hotel, Sokolovska 138,"]
[Date "2020.03.07"]
[Round "2.25"]
[White "Berber, Theodor"]
[Black "Koblasa, Josef"]
[Result "0-1"]
[WhiteElo "1586"]
[BlackElo "1938"]
[PlyCount "124"]
[EventDate "2020.03.06"]
[WhiteTeam "GER12"]
[BlackTeam "CZE11"]

1. d4 g6 2. Bf4 d6 3. e3 Bg7 4. Nf3 Nf6 5. Be2 O-O 6. O-O b6 7. c4 Bb7 8. Nc3
Nbd7 9. h3 Ne4 10. Nxe4 Bxe4 11. Nd2 Bb7 12. Bf3 c6 13. Be2 e5 14. dxe5 dxe5
15. Bh2 f5 16. Qc2 Qe7 17. Rac1 Rad8 18. a3 e4 19. b4 c5 20. b5 Ne5 21. Bxe5
Bxe5 22. Rfd1 Bc7 23. Nf1 f4 24. Rxd8 Rxd8 25. exf4 Bxf4 26. Ne3 Qg5 27. Qc3
Be5 28. Qc2 Bd4 29. Qb3 Bc8 30. Kh1 Rf8 31. Rf1 Qh4 32. Kg1 Qg5 33. Kh1 h5 34.
a4 Qh4 35. Kg1 g5 36. Qc2 Be6 37. Qd1 Qf4 38. g3 Qe5 39. Kg2 Bxe3 40. fxe3 Rxf1
41. Bxf1 Bf7 42. Qe1 Qb2+ 43. Qe2 Qb3 44. g4 h4 45. Qd2 Kg7 46. Qc1 Qa2+ 47.
Kg1 Qb3 48. Qa1+ Kg8 49. Qe5 Qxe3+ 50. Kh1 Qd4 51. Qf5 Kg7 52. Qxg5+ Kf8 53.
Qxh4 Bxc4 54. Bxc4 Qxc4 55. Qf6+ Ke8 56. Qe5+ Kd7 57. Qg7+ Kd6 58. Qf6+ Kd5 59.
Qf7+ Kd4 60. Qxc4+ Kxc4 61. Kg1 Kd3 62. Kf1 Kd2 0-1

[Event "FIDE World Senior Team Championship 2020"]
[Site "Olympik hotel, Sokolovska 138,"]
[Date "2020.03.07"]
[Round "2.25"]
[White "Kozak, Karel"]
[Black "Dusper, Zdravko"]
[Result "1-0"]
[WhiteElo "1856"]
[BlackElo "1490"]
[PlyCount "61"]
[EventDate "2020.03.06"]
[WhiteTeam "CZE11"]
[BlackTeam "GER12"]

1. e4 e5 2. Nf3 Nc6 3. d4 exd4 4. Nxd4 Qf6 5. Be3 Bc5 6. c3 Nge7 7. Be2 O-O 8.
O-O d6 9. Qd2 Qg6 10. f3 Bh3 11. Rf2 h6 12. b4 Bb6 13. a4 a5 14. b5 Nd8 15. Na3
Bxd4 16. cxd4 Bd7 17. Nc4 b6 18. Rc1 Nb7 19. Bd3 f5 20. Nxb6 cxb6 21. Rc7 Qe6
22. Rxb7 fxe4 23. fxe4 Rxf2 24. Bxf2 d5 25. Qc2 Rc8 26. Rc7 Rxc7 27. Qxc7 dxe4
28. Bc4 Nd5 29. Qb7 e3 30. Bxd5 exf2+ 31. Kxf2 1-0

[Event "FIDE World Senior Team Championship 2020"]
[Site "Olympik hotel, Sokolovska 138,"]
[Date "2020.03.07"]
[Round "2.26"]
[White "Frostick, Clive A"]
[Black "Bretsnajdr, Vladimir"]
[Result "1/2-1/2"]
[WhiteElo "2082"]
[BlackElo "2230"]
[PlyCount "44"]
[EventDate "2020.03.06"]
[WhiteTeam "ENG2"]
[BlackTeam "CZE13"]

1. e4 c5 2. Nf3 e6 3. c3 d5 4. exd5 Qxd5 5. d4 Nf6 6. Na3 Nc6 7. Be3 cxd4 8.
Nb5 Qd8 9. Nbxd4 Nxd4 10. Qxd4 Qxd4 11. Bxd4 Be7 12. g3 O-O 13. Bg2 Nd7 14. O-O
f6 15. c4 e5 16. Bc3 Nc5 17. b3 Be6 18. Rfd1 Rac8 19. Rac1 b6 20. Ne1 Rfd8 21.
Rxd8+ Rxd8 22. Nc2 Kf7 1/2-1/2

[Event "FIDE World Senior Team Championship 2020"]
[Site "Olympik hotel, Sokolovska 138,"]
[Date "2020.03.07"]
[Round "2.26"]
[White "White, Nigel"]
[Black "Sura, Jaroslav"]
[Result "0-1"]
[WhiteElo "2001"]
[BlackElo "2013"]
[PlyCount "80"]
[EventDate "2020.03.06"]
[WhiteTeam "ENG2"]
[BlackTeam "CZE13"]

1. e4 e5 2. Nf3 Nc6 3. Bb5 a6 4. Ba4 Nf6 5. O-O Be7 6. Re1 b5 7. Bb3 O-O 8. a4
Bb7 9. d3 d6 10. c3 Nb8 11. Nbd2 Nbd7 12. d4 c5 13. Bc2 g6 14. Nf1 Nh5 15. Bh6
Ng7 16. Ng3 Bc6 17. Qd2 bxa4 18. Bxa4 Bxa4 19. Rxa4 Nb6 20. Ra2 Qc7 21. Rea1 a5
22. Qe2 a4 23. Nf1 Bf6 24. dxe5 dxe5 25. Ne3 Rfd8 26. Ng4 Ne8 27. Nxf6+ Nxf6
28. Nd2 Nh5 29. g3 Qd7 30. Be3 Qc6 31. Nc4 Qb5 32. b3 axb3 33. Rxa8 Rxa8 34.
Rxa8+ Nxa8 35. Kf1 Nb6 36. Nb2 Qa5 37. Qd2 Na4 38. Nxa4 Qxa4 39. Qd8+ Kg7 40.
Bxc5 Qc4+ 0-1

[Event "FIDE World Senior Team Championship 2020"]
[Site "Olympik hotel, Sokolovska 138,"]
[Date "2020.03.07"]
[Round "2.26"]
[White "Ruzicka, Tomas"]
[Black "Thurstan, Tim M"]
[Result "1/2-1/2"]
[WhiteElo "1748"]
[BlackElo "1987"]
[PlyCount "155"]
[EventDate "2020.03.06"]
[WhiteTeam "CZE13"]
[BlackTeam "ENG2"]

1. e4 e6 2. f4 d5 3. e5 c5 4. Nf3 Nc6 5. Be2 Qb6 6. O-O Nge7 7. d3 Bd7 8. b3 h5
9. c4 Nf5 10. Nc3 Nce7 11. Ng5 h4 12. Bf3 Bc6 13. Bg4 g6 14. Bf3 Bg7 15. a4 Rd8
16. Bd2 Nd4 17. Nb5 Rd7 18. Nd6+ Rxd6 19. exd6 Nef5 20. d7+ Bxd7 21. Rb1 f6 22.
Nh3 Bc6 23. cxd5 Nxf3+ 24. Rxf3 Bxd5 25. Rf2 Kf7 26. a5 Qb5 27. Bc3 Rd8 28. b4
Rd7 29. Qe2 Qc6 30. b5 Qd6 31. Re1 Rc7 32. Qd2 Bf8 33. b6 axb6 34. axb6 Rc6 35.
Ba5 Be7 36. Rc1 Bd8 37. Qc3 Bxb6 38. Bxb6 Rxb6 39. Rb2 Rxb2 40. Qxb2 Qc6 41.
Qa3 b6 42. Rc2 Nd4 43. Rb2 Qb7 44. Qa4 Ke7 45. Qd1 Nf5 46. Qb1 c4 47. Rxb6 Qa7
48. dxc4 Bxc4 49. Nf2 Bd5 50. h3 Qc7 51. Qb4+ Kf7 52. Nd3 Ng3 53. Qc5 Qxc5+ 54.
Nxc5 Ne2+ 55. Kh2 Nxf4 56. g3 hxg3+ 57. Kxg3 Nh5+ 58. Kf2 g5 59. Rd6 Nf4 60.
Kg3 Ng6 61. Rd7+ Kf8 62. Rc7 Nh4 63. Nd7+ Ke7 64. Ra7 Nf5+ 65. Kf2 Nh4 66. Kg3
Nf5+ 67. Kf2 Nd4 68. Ne5+ Kd6 69. Ng6 Kc5 70. Kg3 f5 71. h4 gxh4+ 72. Nxh4 Be4
73. Kf4 e5+ 74. Ke3 Kd5 75. Ra1 f4+ 76. Kf2 Nb5 77. Rd1+ Kc4 78. Nf3 1/2-1/2

[Event "FIDE World Senior Team Championship 2020"]
[Site "Olympik hotel, Sokolovska 138,"]
[Date "2020.03.07"]
[Round "2.27"]
[White "Ortoft, Kai"]
[Black "Jahn, Constanze"]
[Result "1/2-1/2"]
[WhiteElo "1972"]
[BlackElo "2048"]
[PlyCount "37"]
[EventDate "2020.03.06"]
[WhiteTeam "NOR1"]
[BlackTeam "GERW1"]

1. d4 Nf6 2. Nf3 d5 3. Bf4 e6 4. e3 Be7 5. Bd3 O-O 6. Ne5 c5 7. c3 Qb6 8. Qc1
Bd7 9. Nxd7 Nbxd7 10. Nd2 Bd6 11. Bxd6 Qxd6 12. f4 cxd4 13. cxd4 Ng4 14. Nf3
Qb4+ 15. Qd2 Qxd2+ 16. Kxd2 Nf2 17. Rhc1 Nxd3 18. Kxd3 Rfc8 19. b3 1/2-1/2

[Event "FIDE World Senior Team Championship 2020"]
[Site "Olympik hotel, Sokolovska 138,"]
[Date "2020.03.07"]
[Round "2.27"]
[White "Mai, Iris"]
[Black "Hermansen, Henning W"]
[Result "1-0"]
[WhiteElo "2035"]
[BlackElo "1921"]
[PlyCount "51"]
[EventDate "2020.03.06"]
[WhiteTeam "GERW1"]
[BlackTeam "NOR1"]

1. d4 d5 2. Nf3 Nf6 3. c4 e6 4. Nc3 Be7 5. Bg5 O-O 6. e3 h6 7. Bh4 Ne4 8. Bxe7
Qxe7 9. Qc2 Nxc3 10. Qxc3 Nd7 11. cxd5 exd5 12. Qxc7 Qb4+ 13. Qc3 Qd6 14. Rc1
b6 15. Bd3 Bb7 16. O-O Rac8 17. Qd2 a6 18. Bf5 b5 19. Rxc8 Rxc8 20. Ne5 Bc6 21.
Rc1 Rc7 22. Qc3 b4 23. Qxc6 Rxc6 24. Rxc6 Qe7 25. Bxd7 f6 26. Be6+ 1-0

[Event "FIDE World Senior Team Championship 2020"]
[Site "Olympik hotel, Sokolovska 138,"]
[Date "2020.03.07"]
[Round "2.27"]
[White "Jenssen, Ove S"]
[Black "Wolf, Sylvia"]
[Result "1/2-1/2"]
[WhiteElo "1812"]
[BlackElo "2035"]
[PlyCount "26"]
[EventDate "2020.03.06"]
[WhiteTeam "NOR1"]
[BlackTeam "GERW1"]

1. e4 c5 2. Nc3 d6 3. f4 g6 4. Nf3 Bg7 5. Bb5+ Bd7 6. Qe2 Nc6 7. Bxc6 Bxc6 8.
O-O e6 9. d3 Ne7 10. Nd1 O-O 11. Be3 d5 12. e5 d4 13. Bd2 b5 1/2-1/2

[Event "FIDE World Senior Team Championship 2020"]
[Site "Olympik hotel, Sokolovska 138,"]
[Date "2020.03.07"]
[Round "2.27"]
[White "Skibbe, Diana"]
[Black "Bjorgvik, Jan Arne"]
[Result "1-0"]
[WhiteElo "2008"]
[BlackElo "1733"]
[PlyCount "59"]
[EventDate "2020.03.06"]
[WhiteTeam "GERW1"]
[BlackTeam "NOR1"]

1. e4 c6 2. d4 d5 3. Nc3 dxe4 4. Nxe4 Nf6 5. Nxf6+ exf6 6. Nf3 Bd6 7. Bd3 O-O
8. Be3 Re8 9. Qd2 Bf4 10. O-O-O Bxe3 11. fxe3 Be6 12. Kb1 a5 13. h4 b5 14. c3
a4 15. e4 Nd7 16. d5 cxd5 17. exd5 Bg4 18. Bxb5 Bxf3 19. gxf3 Re5 20. f4 Re7
21. Rhe1 Nc5 22. d6 Re6 23. Qd5 Rxe1 24. Rxe1 Ne6 25. f5 Nc7 26. Qxa8 Nxa8 27.
Re8+ Qxe8 28. Bxe8 g5 29. h5 Kg7 30. Bxa4 1-0